000 00971nam a2200253 a 4500
001 000014033
005 20240529124642.0
008 091202s1976 mx 001 f spa d
040 _aDO-SdBNP
_bspa
_cBNPHU
082 _aB869.3
_bM149m
100 1 _aMachado de Assis, Joaquín María,
_d1839-1908
_931773
240 1 0 _aMemórias pósthumas de brás cubas.
_lEspañol.
245 1 0 _aMemorias póstumas de blas cubas /
_cJoaquín María Machado de Assis ; introducción de Lucía Miguel Pereira ; traducción de A. Alatorre.
260 _aMéxico :
_bFondo de Cultura Económica,
_c1976.
300 _a294 p. ;
_c17 cm.
490 1 _aPopular
_v155
534 _pTítulo original en portugués:
_tMemórias pósthumas de brás cubas,
_c1881
650 0 _aNovela brasileña
_913650
650 4 _aLiteratura brasileña
_9823
700 1 _aMiguel Pereira, Lucía,
_eintr.
_931774
700 1 _aAlatorre, A.,
_etr.
_931775
830 0 _aPopular ;
_v155
_913374
049 _aBNGR
999 _c13635
_d13635